• 首页
  • 本馆介绍
  • 公告通知
  • 最新文献
  • 馆藏检索
  • 电子资源
  • 读者导购
  • 参考咨询
  • 我的图书馆
  • 登录
  • 详细信息显示
  • 放入我的书架
  • 预约/预借图书
  • 作者相关作品
  • 分类相关作品
  • 丛书相关作品
  • 出版社相关作品

书目信息

  • 表格格式
  • 工作单格式
  • 卡片格式
题名:
理解脑
    
 
作者: ;经济合作与发展组织 编
分册:  
出版信息: 北京   教育科学出版社  2006
页数: 117页
开本: 24cm
丛书名: 脑与学习科学新视野译丛
单 册:
中图分类: R338.2 , G442
科图分类:
主题词: 脑科学 , 脑科学--研究 , 教育心理学
电子资源:
ISBN: 7-5041-3648-4
000 01361nam0 2200337 450
000 01337nam0 2200313 450
000 01268nam0 2200289 450
000 01232nam0 2200277 45
005 20070727133137.27
010    @a7-5041-3648-4@dCNY18.00
100    @a20070703d2006 em y0chiy0120 ea
101 1  @achi@ceng
102    @aCN@b110000
105    @ay z 000yy
200 1  @a理解脑@ALi Jie Nao@e走向新的学习科学@EZou Xiang Xin De Xue Xi Ke Xue@dUnderstanding the brain : towards a new learning science@f经济合作与发展组织编@FJing Ji He Zuo Yu Fa Zhan Zu Zhi Bian@zeng
210    @a北京@c教育科学出版社@d2006
215    @a117页@d24cm
225 2  @a脑与学习科学新视野译丛
304    @a北京师范大学“认知神经科学与学习”国家重点实验室脑科学与教育应用研究中心组织翻译
330    @a本书揭开了脑如何产生知觉、记忆与语言的神秘面纱;揭示了终身学习的重要性;对阅读能力、数学技能的获得与提高提出了不同的见解等。
410  0 @12001 @a脑与学习科学新视野译丛
510 1  @aUnderstanding the brain : towards a new learning science@zeng
517 1  @a走向新的学习科学@AZou Xiang Xin De Xue Xi Ke Xue
606 0  @a脑科学
606 0  @a脑科学@x研究
606 0  @a教育心理学
690    @aR338.2@v4
690    @aG442@v3
711 02 @a经济合作与发展组织@AJing Ji He Zuo Yu Fa Zhan Zu Zhi@4编
801  0 @aCN@bTAOJIN@c20070727
905    @a10447@dG442@e167
    
    理解脑:走向新的学习科学=Understanding the brain : towards a new learning science/经济合作与发展组织编.-北京:教育科学出版社,2006
    117页;24cm.-(脑与学习科学新视野译丛)
    
    
    ISBN 7-5041-3648-4:CNY18.00
    本书揭开了脑如何产生知觉、记忆与语言的神秘面纱;揭示了终身学习的重要性;对阅读能力、数学技能的获得与提高提出了不同的见解等。
●
相关链接 在E读中查询图书 在五车中查询图书 在当当中查询图书 在豆瓣中查询图书


正题名:理解脑     索取号:G442/167         预约/预借

序号 登录号 条形码 馆藏地/架位号 状态 备注
1 0820905   208209053   第一样本阅览室/ [索取号:G442/167] 在馆    
2 0820906   208209062   第四借阅区/ [索取号:G442/167] 在馆    
3 0820907   208209071   第四借阅区/ [索取号:G442/167] 在馆    
4 0820908   208209080   第四借阅区/ [索取号:G442/167] 在馆    
5 0820909   208209099   第四借阅区/ [索取号:G442/167] 在馆    
唐山师范学院图书馆 欢迎您!
大连网信软件有限公司© 版权所有